000 00535nam a2200181Ia 4500
999 _c7229
_d7229
003 OSt
005 20200106125346.0
008 190216s9999||||xx |||||||||||||| ||und||
020 _a8127233153
040 _coclc
082 _a332.6
_bSIN/I
100 _aSingh, Inderpal
_91074
245 0 _aInvestment Management /
_cInderpal Singh ; Jaswinder Kaur ; Amarjit Saini
260 _bKalyani Publishers,
_aDelhi:
_c2007.
300 _a381p
650 _xInvestments
942 _cBK
_2ddc
_h332.6
_iSIN/I
_k332.6
_mSIN/I